Normal view
MARC view
- JONES, FRANK
Entry Personal Name
001 - CONTROL NUMBER
- control field: 57771
003 - CONTROL NUMBER IDENTIFIER
- control field: NUST
005 - DATE AND TIME OF LATEST TRANSACTION
- control field: 20210628202008.0
008 - FIXED-LENGTH DATA ELEMENTS
- fixed length control field: 210628|| aca||aabn | a|a d
040 ## - CATALOGING SOURCE
- Original cataloging agency: NUST
- Transcribing agency: NUST
100 ## - HEADING--PERSONAL NAME
- Personal name: JONES, FRANK
670 ## - SOURCE DATA FOUND
- Source citation: Work cat.: (NUST): JONES, FRANK, THE GOLDEN BOOKS OF ENGLISH VERSE A GRADUATED COURSE FOR CLASS STUDY BOOK-3, 1970
